000 00685nam a2200265Ia 4500
003 OSt
005 20220918164434.0
006 a|||||r|||| 00| 0
007 ta
008 220917b |||||||| |||| 00| 0 eng d
020 _a058608178X
024 _a30,345
037 _cTextual
040 _aARTS
_cARTS
_beng
041 _2eng
_aeng
082 _aO111,3N03w, L4
100 _aStansky P
_916561
245 0 _aUnknown Orwell
260 _aLondon
_bPaladin UK
_c1974
300 _a287p.
_ccm.
650 _aENGLISH LITERATURE
700 _a Abrahams W.
_918919
942 _hO111,3N03w, L4
_cTEXL
_2CC
999 _c124808
_d124808